00672nam a2200229Ia 4500008004100000041001200041082001000053082001100063100001800074100001100092245004400103260001100147260002500158260000900183300001500192365002500207650002400232650002200256942000700278999001900285952013800304150909s9999 xx 000 0 und d aEnglish a338.1 bANG/DI aAngrish A C  eAuthor aDirect taxation of agriculture in India aBombay bSomaiya publicaitons c1972 a339 Pages aRs.113  aAgriculrural income aAgriculture taxes cBK c234836d234836 00104070aKAUCOAbKAUCOAd2015-09-16g113.00l1o338.1 ANG/DIpKAU-COA-18437 r2018-06-16 00:00:00s2018-05-17w2015-09-16yBK